书目信息 |
| 题名: |
论社会主义民主
|
|
| 作者: | 刘佑成 , 万斌 著 | |
| 分册: | ||
| 出版信息: | 北京 群众出版社 1981 |
|
| 页数: | 138页 | |
| 开本: | 19cm | |
| 丛书名: | ||
| 单 册: | ||
| 中图分类: | D046.1 | |
| 科图分类: | ||
| 主题词: | 社会主义民主--研究 | |
| 电子资源: | ||
| ISBN: | ||
| 000 | 00643nam0 2200241 45 | |
| 001 | 0181002406 | |
| 005 | 20060811175821.53 | |
| 010 | @dCNY0.31 | |
| 091 | @aCN@b3067.117 | |
| 100 | @a19950524d1981 emky0chiy0121 ea | |
| 101 | 0 | @achi |
| 102 | @aCN@b110000 | |
| 105 | @ay z 000yy | |
| 200 | 10 | @a论社会主义民主@Alun she hui zhu yi min zhu@f万斌,刘佑成著 |
| 210 | @a北京@c群众出版社@d1981 | |
| 215 | @a138页@d19cm | |
| 606 | @a社会主义民主@x研究 | |
| 690 | @aD046.1@v3 | |
| 701 | 0 | @a刘佑成@Aliu you cheng@4著 |
| 701 | 0 | @a万斌@Awan bin@4著 |
| 801 | 2 | @aCN@bNLC@c20060811 |
| 801 | 0 | @aCN@bTSSF@c20060801 |
| 905 | @a10447@dD046.1@e15 | |
| 论社会主义民主/万斌,刘佑成著.-北京:群众出版社,1981 |
| 138页;19cm |
| ISBN :CNY0.31 |
| ● |
| 相关链接 |
|
|
|
|
正题名:论社会主义民主
索取号:D046.1/15
 
预约/预借
| 序号 | 登录号 | 条形码 | 馆藏地/架位号 | 状态 | 备注 |
| 1 | 0440698 | 204406981 | 密集书库/ [索取号:D046.1/15] | 在馆 | |
| 2 | 0441081 | 204410814 | 密集书库/ [索取号:D046.1/15] | 在馆 | |
| 3 | 0448830 | 204488303 | 密集书库/ [索取号:D046.1/15] | 在馆 |